|
|
|
|
| LEADER |
01028nam a2200289 a 4500 |
| 001 |
16227135 |
| 008 |
120325s2011 waua 001 0 eng |
| 010 |
|
|
|a 2010928516
|
| 020 |
|
|
|a 9788120341395
|
| 020 |
|
|
|a 9780735626935 (pbk.)
|
| 040 |
|
|
|a DLC
|c DLC
|d BD-DhAAL
|
| 042 |
|
|
|a pcc
|
| 050 |
0 |
0 |
|a Z52.5.M52
|b C669 2010
|
| 082 |
0 |
0 |
|a 005.52
|2 22
|
| 100 |
1 |
|
|a Cox, Joyce,
|d 1946-
|
| 245 |
1 |
0 |
|a Microsoft Word 2010 step by step /
|c Joyce Cox, Joan Lambert.
|
| 260 |
|
|
|a Redmond, Wash. :
|b Microsoft Press ;
|a New Delhi :
|b PHI Learning Pvt. Ltd.,
|c c2011.
|
| 300 |
|
|
|a xxix, 493 p. :
|b ill. ; 23 cm.
|
| 490 |
0 |
|
|a Step by step
|
| 500 |
|
|
|a Includes index.
|
| 541 |
|
|
|e 00024838
|
| 630 |
0 |
0 |
|a Microsoft Word.
|
| 650 |
|
0 |
|a Word processing.
|
| 700 |
1 |
|
|a Lambert, Joan.
|
| 852 |
1 |
|
|a Ayesha Abed Library
|c General shelf.
|
| 999 |
|
|
|c 12036
|d 12036
|
| 952 |
|
|
|0 0
|1 0
|2 ddc
|4 0
|6 005_520000000000000_COX
|7 0
|9 19817
|a BRACUL
|b BRACUL
|c GEN
|d 2012-03-24
|e TRIM EDUCATION
|g 630.00
|l 3
|m 8
|o 005.52 COX
|p 3010024838
|r 2020-02-18
|s 2020-01-20
|t 1
|w 2012-03-27
|y BK
|